书目信息 |
| 题名: |
广告摄影
|
|
| 作者: | 邵大浪 , 陈晓任 著 | |
| 分册: | ||
| 出版信息: | 杭州 浙江大学出版社 2009.07 |
|
| 页数: | 87页, [3] 页图版 | |
| 开本: | 24cm | |
| 丛书名: | 求是书系·广告学 | |
| 单 册: | ||
| 中图分类: | J412.9 | |
| 科图分类: | ||
| 主题词: | 广告--guang gao--摄影艺术 | |
| 电子资源: | ||
| ISBN: | 978-7-308-06853-6 | |
| 000 | 01032nam 2200289 450 | |
| 001 | 012010565148 | |
| 005 | 20101118184714.51 | |
| 010 | @a978-7-308-06853-6@dCNY46.00 | |
| 100 | @a20101118d2009 em y0chiy0120 ea | |
| 101 | 0 | @achi |
| 102 | @aCN@b330000 | |
| 105 | @aaf a 000yy | |
| 106 | @ar | |
| 200 | 1 | @a广告摄影@Aguang gao she ying@d= Photograph for advertising@f邵大浪, 陈晓任著@Fshao da lang,chen xiao ren zhu@zeng |
| 210 | @a杭州@c浙江大学出版社@d2009.07 | |
| 215 | @a87页, [3] 页图版@c图@d24cm | |
| 225 | 0 | @a求是书系·广告学@Aqiu shi shu xi·guang gao xue |
| 320 | @a有书目 (第87页) | |
| 330 | @a本书主要讲述了:广告摄影的特征,广告摄影的发展流变和广告摄影的拍摄流程。以及广告摄影的器材选择,用光,采光设计。 | |
| 410 | 0 | @12001 @a求是书系广告学 |
| 510 | 1 | @aPhotograph for advertising@zeng |
| 606 | 0 | @a广告@Aguang gao@x摄影艺术 |
| 690 | @aJ412.9@v4 | |
| 701 | 0 | @a邵大浪@Ashao da lang@4著 |
| 701 | 0 | @a陈晓任@Achen xiao ren@4著 |
| 801 | 0 | @aCN@bQSSK@c20101118 |
| 905 | @b788989-91@dJ412.9@eS326@f3 | |
| 广告摄影= Photograph for advertising/邵大浪, 陈晓任著.-杭州:浙江大学出版社,2009.07 |
| 87页, [3] 页图版:图;24cm.-(求是书系·广告学) |
| ISBN 978-7-308-06853-6:CNY46.00 |
| 本书主要讲述了:广告摄影的特征,广告摄影的发展流变和广告摄影的拍摄流程。以及广告摄影的器材选择,用光,采光设计。 |
| ● |
| 相关链接 |
|
|
|
正题名:广告摄影
索取号:J412.9/S326
 
预约/预借
| 序号 | 登录号 | 条形码 | 馆藏地/架位号 | 状态 | 备注 |
| 1 | 788989 | 207889891 | 社科库309/309社科库 84排1列2层/ [索取号:J412.9/S326] | 在馆 | |
| 2 | 788990 | 207889908 | 社科库309/309社科库 84排1列2层/ [索取号:J412.9/S326] | 在馆 | |
| 3 | 788991 | 207889917 | 社科库309/309社科库 84排1列2层/ [索取号:J412.9/S326] | 在馆 |